[Event "XVII Open Internacional Villa de Ibi"]
[Site "Ibi, Spain"]
[Date "2019.09.06"]
[Round "4.4"]
[White "Galiana Fernandez, Adrian"]
[Black "Diaz Velandia, Jose Manuel"]
[Result "1/2-1/2"]
[WhiteElo "2273"]
[BlackElo "2372"]
[PlyCount "96"]
[EventDate "2019.??.??"]

1. d4 {[%clk 00:15:02]} 1... d5 {[%clk 00:15:00]} 2. c4 {[%clk 00:15:02]} 2...
e6 {[%clk 00:15:01]} 3. Nc3 {[%clk 00:15:02]  [%emt 00:00:04]} 3... Nf6 {
[%clk 00:14:57]  [%emt 00:00:04]} 4. cxd5 {[%clk 00:15:03]  [%emt 00:00:03]}
4... exd5 {[%clk 00:14:58]} 5. Bg5 {[%clk 00:15:03]} 5... c6 {
[%clk 00:14:58]  [%emt 00:00:04]} 6. e3 {[%clk 00:15:04]} 6... Be7 {
[%clk 00:14:57]  [%emt 00:00:04]} 7. Bd3 {[%clk 00:15:05]} 7... O-O {
[%clk 00:14:57]  [%emt 00:00:03]} 8. h3 {[%clk 00:15:05]} 8... Ne4 {
[%clk 00:14:49]  [%emt 00:00:17]} 9. Bxe7 {[%clk 00:14:35]  [%emt 00:00:23]}
9... Qxe7 {[%clk 00:14:48]  [%emt 00:00:12]} 10. Bxe4 {
[%clk 00:14:08]  [%emt 00:00:23]} 10... dxe4 {[%clk 00:14:48]  [%emt 00:00:03]}
11. Nge2 {[%clk 00:14:08]} 11... f5 {[%clk 00:14:32]  [%emt 00:00:27]} 12. h4 {
[%clk 00:14:07]  [%emt 00:00:09]} 12... Be6 {[%clk 00:14:10]  [%emt 00:00:09]}
13. Nf4 {[%clk 00:14:06]  [%emt 00:00:03]} 13... Bf7 {
[%clk 00:14:11]  [%emt 00:00:03]} 14. Rc1 {[%clk 00:14:02]  [%emt 00:00:05]}
14... Na6 {[%clk 00:13:56]  [%emt 00:00:13]} 15. a3 {
[%clk 00:13:57]  [%emt 00:00:21]} 15... Rfd8 {[%clk 00:13:37]  [%emt 00:00:08]}
16. b4 {[%clk 00:13:12]  [%emt 00:00:50]} 16... c5 {
[%clk 00:13:00]  [%emt 00:00:36]} 17. bxc5 {[%clk 00:13:10]  [%emt 00:00:23]}
17... Nxc5 {[%clk 00:13:00]} 18. Ncd5 {[%clk 00:13:01]} 18... Nd3+ {
[%clk 00:09:28]  [%emt 00:03:28]} 19. Qxd3 {[%clk 00:12:56]  [%emt 00:00:10]}
19... Bxd5 {[%clk 00:09:29]  [%emt 00:00:09]} 20. Nxd5 {
[%clk 00:12:27]  [%emt 00:00:19]} 20... Rxd5 {[%clk 00:09:29]  [%emt 00:00:36]}
21. Qb3 {[%clk 00:12:25]} 21... Rad8 {[%clk 00:09:14]  [%emt 00:00:07]} 22. Rc5
{[%clk 00:11:41]  [%emt 00:00:26]} 22... Qf7 {[%clk 00:09:09]  [%emt 00:00:14]}
23. Rxd5 {[%clk 00:11:42]  [%emt 00:00:04]} 23... Qxd5 {[%clk 00:09:09]} 24.
Qxd5+ {[%clk 00:11:42]} 24... Rxd5 {[%clk 00:09:10]} 25. Kd2 {
[%clk 00:11:43]  [%emt 00:00:04]} 25... Ra5 {[%clk 00:09:10]} 26. Ra1 {
[%clk 00:11:44]} 26... Kf7 {[%clk 00:08:57]  [%emt 00:00:23]} 27. Kc3 {
[%clk 00:11:43]  [%emt 00:00:07]} 27... Ra6 {[%clk 00:08:27]  [%emt 00:00:51]}
28. Rc1 {[%clk 00:08:05]  [%emt 00:03:04]} 28... Ke6 {
[%clk 00:05:31]  [%emt 00:03:02]} 29. Kb3 {[%clk 00:08:05]  [%emt 00:00:04]}
29... Rb6+ {[%clk 00:05:29]  [%emt 00:00:03]} 30. Ka2 {[%clk 00:08:06]} 30...
Kd7 {[%clk 00:02:50]  [%emt 00:02:37]} 31. Rc5 {
[%clk 00:07:53]  [%emt 00:00:15]} 31... Rf6 {[%clk 00:02:51]  [%emt 00:00:19]}
32. g3 {[%clk 00:07:49]} 32... g6 {[%clk 00:02:43]  [%emt 00:00:37]} 33. Kb3 {
[%clk 00:07:44]} 33... Rb6+ {[%clk 00:02:43]} 34. Kc2 {
[%clk 00:07:07]  [%emt 00:00:12]} 34... Ra6 {[%clk 00:02:38]  [%emt 00:00:13]}
35. Rb5 {[%clk 00:05:47]  [%emt 00:01:15]} 35... Kc6 {
[%clk 00:02:18]  [%emt 00:00:26]} 36. Rb3 {[%clk 00:05:00]  [%emt 00:00:44]}
36... Kc7 {[%clk 00:01:32]  [%emt 00:00:47]} 37. Kb2 {
[%clk 00:04:56]  [%emt 00:00:23]} 37... Ra5 {[%clk 00:01:15]  [%emt 00:00:10]}
38. Rb4 {[%clk 00:04:54]} 38... Ra6 {[%clk 00:01:03]  [%emt 00:00:15]} 39. a4 {
[%clk 00:04:55]} 39... Rf6 {[%clk 00:00:36]  [%emt 00:00:25]} 40. Kb3 {
[%clk 00:04:48]  [%emt 00:00:22]} 40... Ra6 {[%clk 00:00:21]  [%emt 00:00:06]}
41. Rb5 {[%clk 00:04:45]  [%emt 00:00:15]} 41... Rc6 {
[%clk 00:00:13]  [%emt 00:00:04]} 42. Rc5 {[%clk 00:02:28]  [%emt 00:02:12]}
42... Rxc5 {[%clk 00:00:13]  [%emt 00:00:15]} 43. dxc5 {[%clk 00:02:29]} 43...
Kc6 {[%clk 00:00:14]} 44. Kc4 {[%clk 00:02:31]} 44... b6 {[%clk 00:00:14]} 45.
cxb6 {[%clk 00:02:27]  [%emt 00:00:03]} 45... Kxb6 {[%clk 00:00:15]} 46. Kb4 {
[%clk 00:02:20]  [%emt 00:00:05]} 46... Kc6 {[%clk 00:00:06]  [%emt 00:00:15]}
47. Kc4 {[%clk 00:01:47]  [%emt 00:00:32]} 47... Kb6 {[%clk 00:00:07]} 48. Kb4
{[%clk 00:01:47]  [%emt 00:00:06]} 48... Kc6 {[%clk 00:00:08]} 1/2-1/2

[Event "XVII Open Internacional Villa de Ibi"]
[Site "Ibi, Spain"]
[Date "2019.09.06"]
[Round "4.5"]
[White "Granero Roca, Antonio"]
[Black "Pedros Viudes, Enrique"]
[Result "1-0"]
[WhiteElo "2354"]
[BlackElo "2113"]
[PlyCount "71"]
[EventDate "2019.??.??"]

1. d4 {[%clk 00:15:02]  [%emt 00:00:07]} 1... Nc6 {
[%clk 00:14:51]  [%emt 00:00:09]} 2. Nf3 {[%clk 00:14:59]  [%emt 00:00:11]}
2... d5 {[%clk 00:14:51]} 3. c4 {[%clk 00:14:59]} 3... Bg4 {
[%clk 00:14:51]  [%emt 00:00:14]} 4. cxd5 {[%clk 00:14:35]  [%emt 00:00:12]}
4... Bxf3 {[%clk 00:14:52]} 5. gxf3 {[%clk 00:14:34]  [%emt 00:00:06]} 5...
Qxd5 {[%clk 00:14:52]  [%emt 00:00:05]} 6. e3 {[%clk 00:14:29]  [%emt 00:00:05]
} 6... e5 {[%clk 00:14:52]  [%emt 00:00:21]} 7. Nc3 {[%clk 00:14:29]} 7... Bb4
{[%clk 00:14:53]} 8. Bd2 {[%clk 00:14:27]} 8... Bxc3 {
[%clk 00:14:30]  [%emt 00:00:23]} 9. bxc3 {[%clk 00:14:27]} 9... exd4 {
[%clk 00:14:23]  [%emt 00:00:04]} 10. cxd4 {[%clk 00:14:26]  [%emt 00:00:05]}
10... Nge7 {[%clk 00:12:38]  [%emt 00:01:43]} 11. Be2 {
[%clk 00:13:57]  [%emt 00:00:36]} 11... O-O {[%clk 00:11:34]  [%emt 00:01:12]}
12. Qc2 {[%clk 00:13:21]  [%emt 00:00:32]} 12... Rfe8 {
[%clk 00:09:25]  [%emt 00:02:06]} 13. Qe4 {[%clk 00:13:13]  [%emt 00:00:11]}
13... Qd6 {[%clk 00:08:40]  [%emt 00:00:48]} 14. Qg4 {
[%clk 00:12:25]  [%emt 00:00:49]} 14... f5 {[%clk 00:08:21]  [%emt 00:00:21]}
15. Qg5 {[%clk 00:12:03]  [%emt 00:00:24]} 15... h6 {
[%clk 00:06:32]  [%emt 00:01:51]} 16. Qh5 {[%clk 00:12:03]} 16... f4 {
[%clk 00:06:32]  [%emt 00:00:05]} 17. Bc4+ {[%clk 00:11:39]  [%emt 00:00:24]}
17... Kh8 {[%clk 00:06:29]  [%emt 00:00:06]} 18. O-O {
[%clk 00:11:26]  [%emt 00:00:15]} 18... Rf8 {[%clk 00:06:02]  [%emt 00:00:30]}
19. Kh1 {[%clk 00:10:55]  [%emt 00:00:36]} 19... Rf5 {
[%clk 00:05:51]  [%emt 00:00:09]} 20. Qg4 {[%clk 00:10:47]  [%emt 00:00:10]}
20... Raf8 {[%clk 00:05:25]  [%emt 00:00:28]} 21. Rad1 {
[%clk 00:10:22]  [%emt 00:00:26]} 21... Rg5 {[%clk 00:05:11]  [%emt 00:00:17]}
22. Qe6 {[%clk 00:10:13]  [%emt 00:00:11]} 22... Qd8 {
[%clk 00:03:14]  [%emt 00:01:58]} 23. Rg1 {[%clk 00:09:41]  [%emt 00:00:41]}
23... Rf6 {[%clk 00:03:08]  [%emt 00:00:08]} 24. Qe4 {
[%clk 00:09:13]  [%emt 00:00:24]} 24... Rh5 {[%clk 00:02:04]  [%emt 00:01:06]}
25. Bd3 {[%clk 00:09:03]  [%emt 00:00:12]} 25... Nf5 {
[%clk 00:02:01]  [%emt 00:00:06]} 26. d5 {[%clk 00:08:32]  [%emt 00:00:36]}
26... Ne5 {[%clk 00:01:21]  [%emt 00:00:38]} 27. Bc3 {
[%clk 00:08:06]  [%emt 00:00:33]} 27... Nxd3 {[%clk 00:01:00]  [%emt 00:00:19]}
28. Rxd3 {[%clk 00:08:02]  [%emt 00:00:07]} 28... Nd6 {
[%clk 00:00:08]  [%emt 00:00:54]} 29. Bxf6 {[%clk 00:05:51]  [%emt 00:02:11]}
29... Qxf6 {[%clk 00:00:09]} 30. Qxf4 {[%clk 00:05:41]  [%emt 00:00:14]} 30...
Qxf4 {[%clk 00:00:08]  [%emt 00:00:06]} 31. exf4 {
[%clk 00:05:42]  [%emt 00:00:05]} 31... Kh7 {[%clk 00:00:09]} 32. Rc1 {
[%clk 00:05:27]  [%emt 00:00:20]} 32... Rf5 {[%clk 00:00:07]} 33. Rxc7 {
[%clk 00:05:19]  [%emt 00:00:08]} 33... Rxf4 {[%clk 00:00:08]} 34. Rd7 {
[%clk 00:05:17]  [%emt 00:00:09]} 34... Rf6 {[%clk 00:00:09]} 35. Re3 {
[%clk 00:04:59]  [%emt 00:00:14]} 35... Rg6 {[%clk 00:00:06]  [%emt 00:00:05]}
36. Re6 {[%clk 00:04:51]  [%emt 00:00:10]} 1-0

[Event "XVII Open Internacional Villa de Ibi"]
[Site "Ibi, Spain"]
[Date "2019.09.06"]
[Round "4.6"]
[White "Soler Giner, Salvador"]
[Black "Carbonell Sancho, Marc"]
[Result "0-1"]
[WhiteElo "2025"]
[BlackElo "2182"]
[PlyCount "89"]
[EventDate "2019.??.??"]

1. e4 {[%clk 00:14:45]} 1... c5 {[%clk 00:15:03]  [%emt 00:00:09]} 2. Nf3 {
[%clk 00:14:43]  [%emt 00:00:03]} 2... Nc6 {[%clk 00:15:04]} 3. d4 {
[%clk 00:14:44]} 3... cxd4 {[%clk 00:15:04]} 4. Nxd4 {
[%clk 00:14:45]  [%emt 00:00:04]} 4... g6 {[%clk 00:15:05]} 5. c4 {
[%clk 00:14:45]  [%emt 00:00:08]} 5... Bg7 {[%clk 00:15:06]} 6. Be3 {
[%clk 00:14:44]} 6... Nf6 {[%clk 00:15:07]} 7. Nc3 {[%clk 00:14:45]} 7... O-O {
[%clk 00:15:06]  [%emt 00:00:18]} 8. Be2 {[%clk 00:14:39]} 8... d6 {
[%clk 00:15:07]} 9. Qd2 {[%clk 00:14:26]  [%emt 00:00:05]} 9... Bd7 {
[%clk 00:15:00]  [%emt 00:00:11]} 10. f3 {[%clk 00:14:26]  [%emt 00:00:04]}
10... Nxd4 {[%clk 00:14:52]  [%emt 00:00:22]} 11. Bxd4 {[%clk 00:14:26]} 11...
Bc6 {[%clk 00:14:53]} 12. Rc1 {[%clk 00:13:58]  [%emt 00:00:38]} 12... a5 {
[%clk 00:14:51]} 13. O-O {[%clk 00:13:54]} 13... Nd7 {[%clk 00:14:51]} 14. Be3
{[%clk 00:13:17]  [%emt 00:00:30]} 14... Nc5 {[%clk 00:14:51]  [%emt 00:00:24]}
15. b3 {[%clk 00:13:12]} 15... Qb6 {[%clk 00:14:51]} 16. Rfd1 {
[%clk 00:12:56]  [%emt 00:00:13]} 16... Rfc8 {[%clk 00:14:44]  [%emt 00:00:10]}
17. Nd5 {[%clk 00:12:48]  [%emt 00:00:05]} 17... Bxd5 {
[%clk 00:14:44]  [%emt 00:00:03]} 18. exd5 {[%clk 00:12:49]} 18... Qb4 {
[%clk 00:14:39]  [%emt 00:00:07]} 19. Kf2 {[%clk 00:12:25]  [%emt 00:00:24]}
19... Be5 {[%clk 00:14:25]  [%emt 00:00:17]} 20. g3 {
[%clk 00:12:23]  [%emt 00:00:05]} 20... f5 {[%clk 00:11:39]  [%emt 00:02:45]}
21. Kg2 {[%clk 00:12:12]  [%emt 00:00:15]} 21... Bf6 {
[%clk 00:11:26]  [%emt 00:00:13]} 22. Bd3 {[%clk 00:11:59]  [%emt 00:00:31]}
22... Ra6 {[%clk 00:10:21]  [%emt 00:00:54]} 23. Qf2 {
[%clk 00:11:21]  [%emt 00:01:00]} 23... a4 {[%clk 00:10:12]  [%emt 00:00:04]}
24. Bd2 {[%clk 00:11:13]} 24... Nxd3 {[%clk 00:10:04]  [%emt 00:00:08]} 25.
Bxb4 {[%clk 00:11:14]} 25... Nxf2 {[%clk 00:10:05]  [%emt 00:00:03]} 26. Kxf2 {
[%clk 00:11:14]} 26... axb3 {[%clk 00:10:05]  [%emt 00:00:04]} 27. axb3 {
[%clk 00:11:15]} 27... Rb6 {[%clk 00:10:06]} 28. Bc3 {
[%clk 00:11:10]  [%emt 00:00:15]} 28... Rxb3 {[%clk 00:09:39]  [%emt 00:00:18]}
29. Bxf6 {[%clk 00:11:11]  [%emt 00:00:07]} 29... exf6 {[%clk 00:09:39]} 30.
Rb1 {[%clk 00:10:27]  [%emt 00:00:42]} 30... Rxb1 {
[%clk 00:09:37]  [%emt 00:00:18]} 31. Rxb1 {[%clk 00:10:29]} 31... Rxc4 {
[%clk 00:08:31]  [%emt 00:00:54]} 32. Rxb7 {[%clk 00:10:30]  [%emt 00:00:09]}
32... Rc5 {[%clk 00:08:30]} 33. Rb8+ {[%clk 00:10:19]  [%emt 00:00:08]} 33...
Kg7 {[%clk 00:08:29]  [%emt 00:00:09]} 34. Rb7+ {[%clk 00:10:20]} 34... Kh6 {
[%clk 00:08:29]} 35. Rf7 {[%clk 00:10:21]} 35... Rxd5 {[%clk 00:08:29]} 36.
Rxf6 {[%clk 00:10:22]} 36... Kg5 {[%clk 00:08:15]  [%emt 00:00:17]} 37. Re6 {
[%clk 00:10:22]  [%emt 00:00:17]} 37... Rd2+ {[%clk 00:07:28]  [%emt 00:00:34]}
38. Ke3 {[%clk 00:10:21]  [%emt 00:00:28]} 38... Rxh2 {[%clk 00:07:27]} 39.
Rxd6 {[%clk 00:10:19]  [%emt 00:00:03]} 39... Rg2 {
[%clk 00:06:44]  [%emt 00:00:25]} 40. Rd7 {[%clk 00:08:10]  [%emt 00:02:10]}
40... h5 {[%clk 00:04:17]  [%emt 00:02:31]} 41. g4 {
[%clk 00:04:04]  [%emt 00:04:07]} 41... hxg4 {[%clk 00:04:15]  [%emt 00:00:11]}
42. f4+ {[%clk 00:04:00]} 42... Kh4 {[%clk 00:03:43]  [%emt 00:00:50]} 43. Rg7
{[%clk 00:03:55]} 43... Ra2 {[%clk 00:03:40]} 44. Rxg6 {[%clk 00:03:53]} 44...
Kg3 {[%clk 00:03:41]  [%emt 00:00:15]} 45. Kd4 {[%emt 00:01:54]} 0-1

[Event "XVII Open Internacional Villa de Ibi"]
[Site "Ibi, Spain"]
[Date "2019.09.06"]
[Round "4.7"]
[White "Robledo Sanchez, Carlos"]
[Black "Plaskett, H James"]
[Result "0-1"]
[WhiteElo "1927"]
[BlackElo "2415"]
[PlyCount "66"]
[EventDate "2019.??.??"]

1. e4 {[%clk 00:15:00]  [%emt 00:00:32]} 1... g6 {
[%clk 00:14:41]  [%emt 00:00:03]} 2. d4 {[%clk 00:14:59]  [%emt 00:00:03]} 2...
d6 {[%clk 00:14:42]} 3. Nc3 {[%clk 00:14:59]} 3... Bg7 {[%clk 00:14:42]} 4. f4
{[%clk 00:15:00]  [%emt 00:00:10]} 4... Nc6 {[%clk 00:14:31]  [%emt 00:00:04]}
5. Be3 {[%clk 00:14:56]  [%emt 00:00:13]} 5... Nf6 {[%clk 00:14:27]} 6. Nf3 {
[%clk 00:14:48]  [%emt 00:00:10]} 6... O-O {[%clk 00:14:20]  [%emt 00:00:14]}
7. Bd3 {[%clk 00:14:21]  [%emt 00:00:20]} 7... e5 {
[%clk 00:13:35]  [%emt 00:00:47]} 8. O-O {[%clk 00:13:38]  [%emt 00:01:07]}
8... Ng4 {[%clk 00:13:20]  [%emt 00:00:09]} 9. Bd2 {
[%clk 00:12:55]  [%emt 00:00:35]} 9... exd4 {[%clk 00:13:04]  [%emt 00:00:35]}
10. Ne2 {[%clk 00:12:41]} 10... Re8 {[%clk 00:12:00]  [%emt 00:01:33]} 11. Re1
{[%clk 00:12:00]  [%emt 00:00:24]} 11... Ne3 {[%clk 00:10:45]  [%emt 00:01:05]}
12. Bxe3 {[%clk 00:11:43]  [%emt 00:00:18]} 12... dxe3 {
[%clk 00:10:46]  [%emt 00:00:21]} 13. c3 {[%clk 00:11:41]} 13... Bg4 {
[%clk 00:10:46]} 14. Ng3 {[%clk 00:11:31]  [%emt 00:00:07]} 14... Bh6 {
[%clk 00:10:47]} 15. f5 {[%clk 00:10:08]  [%emt 00:01:17]} 15... Bxf3 {
[%clk 00:09:32]  [%emt 00:01:17]} 16. gxf3 {[%clk 00:08:55]  [%emt 00:01:25]}
16... Qh4 {[%clk 00:09:26]  [%emt 00:00:03]} 17. fxg6 {
[%clk 00:08:31]  [%emt 00:00:21]} 17... hxg6 {[%clk 00:09:20]  [%emt 00:00:30]}
18. Re2 {[%clk 00:07:46]  [%emt 00:00:24]} 18... Rad8 {
[%clk 00:08:18]  [%emt 00:01:21]} 19. Bb5 {[%clk 00:07:18]  [%emt 00:00:35]}
19... Re5 {[%clk 00:08:05]} 20. Bxc6 {[%clk 00:07:04]  [%emt 00:00:11]} 20...
bxc6 {[%clk 00:08:05]  [%emt 00:00:34]} 21. Qa4 {
[%clk 00:06:45]  [%emt 00:00:08]} 21... Bf4 {[%clk 00:06:18]  [%emt 00:01:46]}
22. Qxc6 {[%clk 00:05:41]  [%emt 00:00:49]} 22... Rc5 {
[%clk 00:05:10]  [%emt 00:01:10]} 23. Qa4 {[%clk 00:05:24]  [%emt 00:00:22]}
23... Bxg3 {[%clk 00:05:10]  [%emt 00:00:16]} 24. hxg3 {[%clk 00:05:25]} 24...
Qxg3+ {[%clk 00:05:11]} 25. Rg2 {[%clk 00:05:24]} 25... Qxf3 {[%clk 00:05:09]}
26. Rf1 {[%clk 00:05:23]} 26... Qh3 {[%clk 00:04:47]  [%emt 00:00:39]} 27. Qb3
{[%clk 00:05:16]} 27... Qh7 {[%clk 00:03:53]  [%emt 00:00:47]} 28. Rh2 {
[%clk 00:04:53]  [%emt 00:00:24]} 28... Rg5+ {[%clk 00:03:45]  [%emt 00:00:38]}
29. Kh1 {[%clk 00:04:44]} 29... Rh5 {[%clk 00:02:51]  [%emt 00:00:48]} 30. Rxh5
{[%clk 00:04:22]  [%emt 00:00:16]} 30... Qxh5+ {
[%clk 00:02:52]  [%emt 00:00:11]} 31. Kg1 {[%clk 00:04:23]} 31... Qg5+ {
[%clk 00:02:44]  [%emt 00:00:14]} 32. Kh1 {[%clk 00:04:19]  [%emt 00:00:03]}
32... Rf8 {[%clk 00:02:34]} 33. Qd1 {[%clk 00:02:45]  [%emt 00:01:36]} 33...
Kg7 {[%clk 00:02:29]  [%emt 00:00:35]} 0-1

[Event "XVII Open Internacional Villa de Ibi"]
[Site "Ibi, Spain"]
[Date "2019.09.06"]
[Round "4.8"]
[White "Trivino Oliva, Diego"]
[Black "Kovacevic, Slobodan"]
[Result "0-1"]
[WhiteElo "1832"]
[BlackElo "2260"]
[PlyCount "98"]
[EventDate "2019.??.??"]

1. e4 {[%clk 00:14:59]} 1... c5 {[%clk 00:15:03]} 2. Nf3 {[%clk 00:14:56]} 2...
e6 {[%clk 00:15:04]} 3. d4 {[%clk 00:14:55]} 3... cxd4 {
[%clk 00:15:04]  [%emt 00:01:48]} 4. Nxd4 {[%clk 00:14:54]} 4... a6 {
[%clk 00:15:05]} 5. Nc3 {[%clk 00:14:53]} 5... Qc7 {[%clk 00:15:06]} 6. f3 {
[%clk 00:14:51]} 6... b5 {[%clk 00:14:53]} 7. a3 {[%clk 00:14:47]} 7... Bb7 {
[%clk 00:14:52]} 8. Bd3 {[%clk 00:14:37]} 8... Nf6 {[%clk 00:14:52]} 9. Bg5 {
[%clk 00:13:55]} 9... Be7 {[%clk 00:14:50]} 10. Nce2 {
[%clk 00:12:57]  [%emt 00:00:52]} 10... O-O {[%clk 00:14:35]  [%emt 00:00:20]}
11. O-O {[%clk 00:12:54]  [%emt 00:00:04]} 11... d6 {
[%clk 00:14:34]  [%emt 00:00:30]} 12. Rc1 {[%clk 00:11:22]  [%emt 00:01:05]}
12... Nbd7 {[%clk 00:14:34]  [%emt 00:00:16]} 13. b4 {[%clk 00:11:19]} 13...
Ne5 {[%clk 00:14:31]} 14. Qe1 {[%clk 00:10:38]  [%emt 00:00:42]} 14... Rfc8 {
[%clk 00:14:25]  [%emt 00:00:06]} 15. Qf2 {[%clk 00:09:21]  [%emt 00:01:18]}
15... Nxe4 {[%clk 00:14:00]  [%emt 00:00:40]} 16. Bxe4 {
[%clk 00:06:52]  [%emt 00:02:17]} 16... Bxg5 {[%clk 00:13:59]  [%emt 00:00:10]}
17. Bxb7 {[%clk 00:06:52]  [%emt 00:00:04]} 17... Qxb7 {
[%clk 00:13:55]  [%emt 00:00:04]} 18. f4 {[%clk 00:06:52]} 18... Bh6 {
[%clk 00:13:54]  [%emt 00:00:10]} 19. fxe5 {[%clk 00:06:17]  [%emt 00:00:38]}
19... dxe5 {[%clk 00:13:50]} 20. Nb3 {[%clk 00:05:10]  [%emt 00:01:04]} 20...
Bxc1 {[%clk 00:13:41]  [%emt 00:00:13]} 21. Rxc1 {
[%clk 00:05:10]  [%emt 00:00:03]} 21... Qd5 {[%clk 00:13:34]  [%emt 00:00:07]}
22. Rf1 {[%clk 00:04:54]  [%emt 00:00:19]} 22... f6 {
[%clk 00:13:27]  [%emt 00:00:11]} 23. Nc5 {[%clk 00:04:55]} 23... a5 {
[%clk 00:13:24]  [%emt 00:00:23]} 24. Qg3 {[%clk 00:03:50]  [%emt 00:01:23]}
24... f5 {[%clk 00:13:06]  [%emt 00:00:04]} 25. Kh1 {
[%clk 00:02:43]  [%emt 00:01:02]} 25... Rxc5 {[%clk 00:11:43]  [%emt 00:01:09]}
26. bxc5 {[%clk 00:02:26]  [%emt 00:00:22]} 26... Qxc5 {[%clk 00:11:44]} 27.
Qb3 {[%clk 00:02:18]  [%emt 00:00:09]} 27... Re8 {
[%clk 00:11:10]  [%emt 00:01:15]} 28. Rd1 {[%clk 00:02:03]} 28... Rc8 {
[%clk 00:10:38]  [%emt 00:00:52]} 29. Qxe6+ {[%clk 00:01:38]  [%emt 00:00:06]}
29... Kh8 {[%clk 00:10:33]} 30. Qxf5 {[%clk 00:01:32]} 30... Rf8 {
[%clk 00:10:25]  [%emt 00:00:08]} 31. Qg5 {[%clk 00:01:00]  [%emt 00:00:39]}
31... h6 {[%clk 00:10:21]} 32. Qd2 {[%clk 00:00:53]  [%emt 00:00:09]} 32...
Qxa3 {[%clk 00:10:18]  [%emt 00:00:28]} 33. h3 {[%clk 00:00:40]} 33... a4 {
[%clk 00:10:08]  [%emt 00:00:10]} 34. Qd5 {[%clk 00:00:26]  [%emt 00:00:08]}
34... Qb2 {[%clk 00:09:57]  [%emt 00:00:14]} 35. Qc5 {
[%clk 00:00:27]  [%emt 00:00:12]} 35... Rg8 {[%clk 00:09:46]  [%emt 00:00:31]}
36. Rd7 {[%clk 00:00:25]} 36... a3 {[%clk 00:09:46]  [%emt 00:00:04]} 37. Ra7 {
[%clk 00:00:13]} 37... b4 {[%clk 00:09:35]  [%emt 00:00:21]} 38. Ng3 {
[%clk 00:00:13]} 38... Qc1+ {[%clk 00:09:31]} 39. Kh2 {[%clk 00:00:13]} 39...
Qf4 {[%clk 00:09:32]} 40. Ra5 {[%clk 00:00:05]  [%emt 00:00:03]} 40... Kh7 {
[%clk 00:09:23]  [%emt 00:00:09]} 41. Ra4 {[%clk 00:00:04]  [%emt 00:00:13]}
41... Rb8 {[%clk 00:09:15]  [%emt 00:00:23]} 42. Qd6 {[%clk 00:00:06]} 42...
Rb7 {[%clk 00:09:11]  [%emt 00:00:04]} 43. Qd5 {[%clk 00:00:07]} 43... Rb6 {
[%clk 00:09:09]} 44. Qd3+ {[%clk 00:00:08]} 44... Rg6 45. Qd5 {[%clk 00:00:07]}
45... Qxg3+ {[%clk 00:08:54]  [%emt 00:00:04]} 46. Kh1 {
[%clk 00:00:08]  [%emt 00:00:07]} 46... Qe1+ {[%clk 00:08:44]  [%emt 00:00:14]}
47. Kh2 {[%clk 00:00:07]} 47... e4 {[%clk 00:08:45]} 48. Ra8 {[%clk 00:00:08]}
48... Qg3+ {[%clk 00:08:44]  [%emt 00:00:16]} 49. Kh1 {[%clk 00:00:09]} 49...
Qxg2# {[%clk 00:08:46]  [%emt 00:00:04]} 0-1